Szczegóły MARC21

Glimpses of algebra and geometry /

003 -Nazwa inst., której nr kontr. jest w polu 001 [,]
    • @
    • Nazwa instytucji, której n kontrolny jest w polu 001
    • NUKAT
005 -DATA I CZAS OSTATNIEJ MODYFIKACJI [,]
    • @
    • pole kontrolne
    • 20241231101056.0
020 -Międzynarod. znormalizowany nr książki - ISBN [ , ]
    • a
    • Numer ISBN
    • 9780387953458 Find
020 -Międzynarod. znormalizowany nr książki - ISBN [ , ]
    • a
    • Numer ISBN
    • 0387953450 Find
040 -Instytucja sporządzająca opis [ , ]
    • a
    • Instytucja, która sporządziła opis (NP)
    • TOR U/LOH
    • c
    • Instytucja, która sporządziła rekord (NP)
    • TOR U/LOH
    • d
    • Instytucja, która zmodyfikowała rekord (P)
    • TOR U/KBu
942 -Rodzaj dokumentu [ , ]
    • c
    • Rodzaj dokumentu
    • Książka
100 -Hasło główne - nazwa osobowa [1, ]
    • a
    • Nazwa osobowa (NP)
    • Toth, Gabor.
    • 9
    • KHW
    • 730633
245 -Strefa tytułu i oznaczenia odpowiedzialności [1,0]
    • a
    • Tytuł
    • Glimpses of algebra and geometry / Find
    • c
    • Pozostałe elementy strefy tytułu i oznaczenia odpowiedzialności (NP)
    • Gabor Toth.
250 -Strefa wydania [ , ]
    • a
    • Oznaczenie wydania (NP)
    • 2nd ed.
260 -Strefa adresu wydawniczego [ , ]
    • a
    • Miejsce wydania (P)
    • New York :
    • b
    • Nazwa wydawcy (P)
    • Springer,
    • c
    • Data wydania (P)
    • 2002.
300 -Strefa opisu fizycznego [ , ]
    • a
    • Określenie formy książki i/lub objętość (NP)
    • XXII , 450 s. :
    • b
    • Oznaczenie ilustracji (NP)
    • il.,
    • c
    • Format (NP)
    • 25 cm.
336 -Typ zawartości [ , ]
    • a
    • Termin opisujący typ zawartości
    • Tekst
    • b
    • Kod określający zawartość
    • txt
    • 2
    • Źródło (terminu i kodu)
    • rdacontent
337 -Typ mediów [ , ]
    • a
    • Tryb odtwarzania
    • Bez urządzenia pośredniczącego
    • b
    • Kod typu mediów
    • n
    • 2
    • Źródło (terminu i kodu)
    • rdamedia
338 -Typ/rodzaj nośnika [ , ]
    • a
    • Hasło opisujące typ nośnika
    • Wolumin
    • b
    • Kod typu nośnika
    • nc
    • 2
    • Źródło (terminu i kodu)
    • rdacarrier
490 -Strefa serii i książki wielotomowej - forma nie do wyszukiwania [1, ]
    • a
    • Tytuł (P)
    • Undergraduate Texts in Mathematics. Readings in Mathematics Find
830 -Hasło dodatkowe serii i opisu książki wielotomowej - tytuł ujednolicony/tytuł [ ,0]
    • a
    • Tytuł ujednolicony/tytuł (NP)
    • Undergraduate Texts in Mathematics.
    • p
    • Nazwa części/podserii/sekcji (P)
    • Readings in Mathematics
    • 9
    • KHW
    • 688376
504 -Uwaga dot. bibliogr. załącznikowej [ , ]
    • a
    • Uwaga dot. bibliografii załącznikowej
    • Indeks.
080 -Uniwersalna Klasyfikacja Dziesiętna [ , ]
    • 2
    • Identyfikator wydania tablic
    • UDC-P058
    • 9
    • UKD
    • 4025
    • a
    • Symbol klasyfikacji
    • 512
    • b
    • Dopowiedzenie
    • Algebra.
    • 4
    • UKD2
    • 7644
    • x
    • Poddział wspólny
    • =111
    • c
    • Dopowiedzenie poddz. wspólnego
    • =Język angielski.
    • 4
    • UKD2
    • 85449
    • x
    • Poddział wspólny
    • (02)
    • c
    • Dopowiedzenie poddz. wspólnego
    • Książki ogólnie.
    • 4
    • UKD2
    • 21131
    • x
    • Poddział wspólny
    • (0.034.2)
    • c
    • Dopowiedzenie poddz. wspólnego
    • (Dokumenty elektroniczne, dokumenty cyfrowe).
080 -Uniwersalna Klasyfikacja Dziesiętna [ , ]
    • 2
    • Identyfikator wydania tablic
    • UDC-P058
    • 9
    • UKD
    • 4035
    • a
    • Symbol klasyfikacji
    • 514
    • b
    • Dopowiedzenie
    • Geometria.
    • 4
    • UKD2
    • 7644
    • x
    • Poddział wspólny
    • =111
    • c
    • Dopowiedzenie poddz. wspólnego
    • =Język angielski.
    • 4
    • UKD2
    • 21131
    • x
    • Poddział wspólny
    • (0.034.2)
    • c
    • Dopowiedzenie poddz. wspólnego
    • (Dokumenty elektroniczne, dokumenty cyfrowe).
    • 4
    • UKD2
    • 85449
    • x
    • Poddział wspólny
    • (02)
    • c
    • Dopowiedzenie poddz. wspólnego
    • Książki ogólnie.
080 -Uniwersalna Klasyfikacja Dziesiętna [ , ]
    • 2
    • Identyfikator wydania tablic
    • UDC-P058
    • 9
    • UKD
    • 4063
    • a
    • Symbol klasyfikacji
    • 519.1
    • b
    • Dopowiedzenie
    • Kombinatoryka. Teoria grafów. Sieci Petri'ego.
    • 4
    • UKD2
    • 7644
    • x
    • Poddział wspólny
    • =111
    • c
    • Dopowiedzenie poddz. wspólnego
    • =Język angielski.
    • 4
    • UKD2
    • 21131
    • x
    • Poddział wspólny
    • (0.034.2)
    • c
    • Dopowiedzenie poddz. wspólnego
    • (Dokumenty elektroniczne, dokumenty cyfrowe).
    • 4
    • UKD2
    • 85449
    • x
    • Poddział wspólny
    • (02)
    • c
    • Dopowiedzenie poddz. wspólnego
    • Książki ogólnie.
080 -Uniwersalna Klasyfikacja Dziesiętna [ , ]
    • 2
    • Identyfikator wydania tablic
    • UDC-P058
    • 9
    • UKD
    • 4046
    • a
    • Symbol klasyfikacji
    • 515.1
    • b
    • Dopowiedzenie
    • Topologia. Przestrzenie topologiczne. Przestrzenie analityczne.
    • 4
    • UKD2
    • 7644
    • x
    • Poddział wspólny
    • =111
    • c
    • Dopowiedzenie poddz. wspólnego
    • =Język angielski.
    • 4
    • UKD2
    • 85449
    • x
    • Poddział wspólny
    • (02)
    • c
    • Dopowiedzenie poddz. wspólnego
    • Książki ogólnie.
    • 4
    • UKD2
    • 21131
    • x
    • Poddział wspólny
    • (0.034.2)
    • c
    • Dopowiedzenie poddz. wspólnego
    • (Dokumenty elektroniczne, dokumenty cyfrowe).
980 -Symbol UKD [ , ]
    • a
    • UKD
    • 512:514:519.1:515.1]=111(02+0.034.2)
920 -ISBN [ , ]
    • a
    • ISBN
    • 978-0-387-95345-8 Find
920 -ISBN [ , ]
    • a
    • ISBN
    • 0-387-95345-0 Find
Numer inwentarzowy Status udost. Data inwentaryzacji Lokalizacja
N.2020312011-10-07BG